Asian Quarterly (Record no. 108986)

MARC details
000 -LEADER
fixed length control field 01193cad a22002295a 4500
001 - CONTROL NUMBER
control field L145957
008 - FIXED-LENGTH DATA ELEMENTS--GENERAL INFORMATION
fixed length control field 081126s2008 xxkad f s 000 0 eng d
035 ## - SYSTEM CONTROL NUMBER
System control number (Sirsi) u145957
041 0# - LANGUAGE CODE
Language code of text/sound track or separate title eng
050 04 - LIBRARY OF CONGRESS CALL NUMBER
Classification number 333.33 $2 22
110 2# - MAIN ENTRY--CORPORATE NAME
Corporate name or jurisdiction name as entry element Pramerica Real Estate Investors
9 (RLIN) 5594
245 00 - TITLE STATEMENT
Title Asian Quarterly
Remainder of title October 2008
Medium [electronic resource]
250 ## - EDITION STATEMENT
-- 2008
260 ## - PUBLICATION, DISTRIBUTION, ETC.
Place of publication, distribution, etc. United States
Name of publisher, distributor, etc. Pramerica
Date of publication, distribution, etc. 2008
490 #0 - SERIES STATEMENT
Series statement Asian Quarterly
Volume/sequential designation October 2008
520 ## - SUMMARY, ETC.
Summary, etc. Suggests that due to the global credit crunch, Asia's economic growth will slow down in 2009 in comparison to the past several years. Reports real estate transaction activity is falling, Asian banks are lending more cautiously, and that occupancy rates in the region's Class-A office markets peaked in the third quarter. Forecasts that vacancies will rise shortly. Concludes that Asia still offers long-term growth opportunities for multi-national corporations.
590 ## - LOCAL NOTE (RLIN)
Local note KA
651 #4 - SUBJECT ADDED ENTRY--GEOGRAPHIC NAME
Geographic name Asia
690 ## - LOCAL SUBJECT ADDED ENTRY--TOPICAL TERM (OCLC, RLIN)
Topical term or geographic name as entry element PROPERTY-COMMERCIAL PROPERTY-COMMERCIAL PROPERTY MARKET
856 40 - ELECTRONIC LOCATION AND ACCESS
Uniform Resource Identifier <a href="https://www.pramericarei.com/pramerica/realestate/pra_research_frameset.html">https://www.pramericarei.com/pramerica/realestate/pra_research_frameset.html</a>
Public note View the report at www.pramericarei.com...
942 ## - ADDED ENTRY ELEMENTS (KOHA)
Suppress in OPAC 0
Holdings
Withdrawn status Lost status Source of classification or shelving scheme Damaged status Not for loan Home library Current library Shelving location Date acquired Total Checkouts Full call number Barcode Date last seen Copy number Price effective from Koha item type
    Dewey Decimal Classification     Virtual Virtual Online 26/11/2008   ONLINE PUBLICATION 145957-2001 06/08/2019 1 06/08/2019 Book